000 00262nam a22001097a 4500
008 170111b xxu||||| |||| 00| 0 eng d
020 _a9789997639387
041 _aeng
080 _26TH
_a618.2
245 _aROSEN'S EMERGENCY MEDICINE
_cWALLS, M.H
942 _2udc
_cBK
999 _c2701
_d2701